Asian business and environment in transition : Selected readings and essays
Guardado en:
| Formato: | Libro |
|---|---|
| Lenguaje: | Undetermined |
| Publicado: |
Princeton
Darwin Press
1976
|
| Materias: | |
| Etiquetas: |
Agregar Etiqueta
Sin Etiquetas, Sea el primero en etiquetar este registro!
|
| Thư viện lưu trữ: | Trung tâm Học liệu Trường Đại học Cần Thơ |
|---|
| LEADER | 00540nam a2200193Ia 4500 | ||
|---|---|---|---|
| 001 | CTU_87841 | ||
| 008 | 210402s9999 xx 000 0 und d | ||
| 082 | |a 338.095 | ||
| 082 | |b A832 | ||
| 245 | 0 | |a Asian business and environment in transition : | |
| 245 | 0 | |b Selected readings and essays | |
| 245 | 0 | |c Edited by A. Kapoor | |
| 260 | |a Princeton | ||
| 260 | |b Darwin Press | ||
| 260 | |c 1976 | ||
| 650 | |a Investments, foreign | ||
| 650 | |z Asia | ||
| 904 | |i Trọng Hiếu | ||
| 980 | |a Trung tâm Học liệu Trường Đại học Cần Thơ | ||